Ekonomika dopravy a spojů 2 vybrané kapitoly

Saved in:
Bibliographic Details
Main Author: Ehrenberger, Milan
Corporate Author: Vysoká škola ekonomická v Praze. Výrobně ekonomická fakulta
Format: Book
Language:Czech
Published: Praha Státní pedagogické nakladatelství 1982
Tags: Add Tag
No Tags, Be the first to tag this record!

MARC

LEADER 00000nam a2200000 4500
001 c134300
005 20190425095427.0
041 0 |a cze 
044 |a CZ 
245 1 0 |a Ekonomika dopravy a spojů 2  |b vybrané kapitoly  |c Milan Ehrenberger 
264 1 |a Praha  |b Státní pedagogické nakladatelství  |c 1982 
300 |a 176 s. 
100 1 |a Ehrenberger, Milan 
710 2 |a Vysoká škola ekonomická v Praze. Výrobně ekonomická fakulta